000 00316nam a22001457a 4500
008 230627b ||||| |||| 00| 0 eng d
020 _a9780071356183
041 _aeng
080 _a338
082 _a338STE
100 _a23
101 _aMBE
245 _aSKILLS FOR NEW MANAGERS
_cSTETTNER.M
942 _2udc
_cBK
999 _c60051
_d60051